<?xml version='1.0' encoding='UTF-8'?>
  <record xmlns="http://www.loc.gov/MARC21/slim">
    <leader>00000cem a2200000 i 4500</leader>
    <controlfield tag="001">on1005505807</controlfield>
    <controlfield tag="003">OCoLC</controlfield>
    <controlfield tag="005">20240127100239.6</controlfield>
    <controlfield tag="007">ay aa|||</controlfield>
    <controlfield tag="008">171006s1700    ne        a     0   dut d</controlfield>
    <datafield tag="040" ind1=" " ind2=" ">
      <subfield code="a">QGJ</subfield>
      <subfield code="b">eng</subfield>
      <subfield code="e">rda</subfield>
      <subfield code="e">dcrmc</subfield>
      <subfield code="c">QGJ</subfield>
      <subfield code="d">OCLCF</subfield>
      <subfield code="d">OCLCQ</subfield>
      <subfield code="d">OCLCO</subfield>
      <subfield code="d">QGJ</subfield>
      <subfield code="d">OCLCO</subfield>
      <subfield code="d">OCLCL</subfield>
    </datafield>
    <datafield tag="035" ind1=" " ind2=" ">
      <subfield code="a">(OCoLC)1005505807</subfield>
    </datafield>
    <datafield tag="245" ind1="0" ind2="3">
      <subfield code="a">De Veertig-Jaarige Reys-Togten der Kinderen Israels Num. XXXIII. /</subfield>
      <subfield code="b">In welk ze onder 't Geley van Moses en Aaron uyt het Diensthuys van Aegypten Uytgetoogen ; naa het Beloofde Land Kanaans zyn heenen gegaan ...</subfield>
    </datafield>
    <datafield tag="255" ind1=" " ind2=" ">
      <subfield code="a">Scale not given.</subfield>
    </datafield>
    <datafield tag="264" ind1=" " ind2="1">
      <subfield code="a">[Amsterdam] :</subfield>
      <subfield code="b">[Willem en David Goeree],</subfield>
      <subfield code="c">[1700]</subfield>
    </datafield>
    <datafield tag="300" ind1=" " ind2=" ">
      <subfield code="a">1 pictorial map :</subfield>
      <subfield code="b">copper engraving in black-and-white ;</subfield>
      <subfield code="c">29 x 76 cm, on sheet 34 x 87 cm, folded to 34 x 19 cm</subfield>
    </datafield>
    <datafield tag="336" ind1=" " ind2=" ">
      <subfield code="a">cartographic image</subfield>
      <subfield code="b">cri</subfield>
      <subfield code="2">rdacontent</subfield>
    </datafield>
    <datafield tag="337" ind1=" " ind2=" ">
      <subfield code="a">unmediated</subfield>
      <subfield code="b">n</subfield>
      <subfield code="2">rdamedia</subfield>
    </datafield>
    <datafield tag="338" ind1=" " ind2=" ">
      <subfield code="a">sheet</subfield>
      <subfield code="b">nb</subfield>
      <subfield code="2">rdacarrier</subfield>
    </datafield>
    <datafield tag="500" ind1=" " ind2=" ">
      <subfield code="a">Relief shown pictorially.</subfield>
    </datafield>
    <datafield tag="500" ind1=" " ind2=" ">
      <subfield code="a">The map shows the exodus of the Jews from Egypt to the Promised Land.</subfield>
    </datafield>
    <datafield tag="500" ind1=" " ind2=" ">
      <subfield code="a">The map shows the area between the Dead Sea ("Doode Zee"; to the left), the Mediterranean Sea ("De Middellandse Zee"; bottom), and the Red Sea ("Roode Zee"; to the right).</subfield>
    </datafield>
    <datafield tag="510" ind1="4" ind2=" ">
      <subfield code="a">Krogt, Peter van der. Koeman's Atlantes Neerlandici,</subfield>
      <subfield code="c">v. IV-A2, 48:23/24</subfield>
    </datafield>
    <datafield tag="630" ind1="0" ind2="0">
      <subfield code="a">Bible.</subfield>
      <subfield code="p">Old Testament</subfield>
      <subfield code="x">Geography</subfield>
      <subfield code="v">Maps</subfield>
      <subfield code="v">Early works to 1800.</subfield>
    </datafield>
    <datafield tag="650" ind1=" " ind2="0">
      <subfield code="a">Exodus, The.</subfield>
    </datafield>
    <datafield tag="630" ind1="0" ind2="7">
      <subfield code="a">Bible.</subfield>
      <subfield code="p">Old Testament</subfield>
      <subfield code="2">fast</subfield>
    </datafield>
    <datafield tag="650" ind1=" " ind2="7">
      <subfield code="a">Geography</subfield>
      <subfield code="2">fast</subfield>
    </datafield>
    <datafield tag="655" ind1=" " ind2="7">
      <subfield code="a">Early works</subfield>
      <subfield code="2">fast</subfield>
    </datafield>
    <datafield tag="655" ind1=" " ind2="7">
      <subfield code="a">Maps</subfield>
      <subfield code="2">fast</subfield>
    </datafield>
    <datafield tag="700" ind1="1" ind2=" ">
      <subfield code="a">Goeree, Willem,</subfield>
      <subfield code="d">1635-1711,</subfield>
      <subfield code="e">publisher.</subfield>
      <subfield code="4">pbl</subfield>
      <subfield code="1">https://id.oclc.org/worldcat/entity/E39PBJjmX69v7BK3CJ6bWKgBT3</subfield>
    </datafield>
    <datafield tag="700" ind1="1" ind2=" ">
      <subfield code="a">Luiken, Jan,</subfield>
      <subfield code="d">1649-1712,</subfield>
      <subfield code="e">engraver.</subfield>
      <subfield code="4">egr</subfield>
      <subfield code="1">https://id.oclc.org/worldcat/entity/E39PBJqFTQmjjXtkPrcwV88Bfq</subfield>
    </datafield>
    <datafield tag="700" ind1="1" ind2=" ">
      <subfield code="a">Aa, Pieter van der,</subfield>
      <subfield code="d">1659-1733,</subfield>
      <subfield code="e">bookseller.</subfield>
      <subfield code="4">bsl</subfield>
      <subfield code="1">https://id.oclc.org/worldcat/entity/E39PBJjT49TCkwYpqprBj6Trbd</subfield>
    </datafield>
    <datafield tag="710" ind1="2" ind2=" ">
      <subfield code="a">Goeree, Willem (II)</subfield>
      <subfield code="d">(active 1700-1729)</subfield>
      <subfield code="e">bookseller.</subfield>
    </datafield>
    <datafield tag="710" ind1="2" ind2=" ">
      <subfield code="a">Goeree, David</subfield>
      <subfield code="d">(active 1700-1718)</subfield>
      <subfield code="e">bookseller.</subfield>
      <subfield code="4">bsl</subfield>
    </datafield>
    <datafield tag="758" ind1=" " ind2=" ">
      <subfield code="i">has work:</subfield>
      <subfield code="a">De Veertig-Jaarige Reys-Togten der Kinderen Israels Num. XXXIII (CartographicMaterial)</subfield>
      <subfield code="1">https://id.oclc.org/worldcat/entity/E39PCGyP47y9xTJVbTcKRPxQ7b</subfield>
      <subfield code="4">https://id.oclc.org/worldcat/ontology/hasWork</subfield>
    </datafield>
    <datafield tag="773" ind1="0" ind2="8">
      <subfield code="i">Contained in (manifestation):</subfield>
      <subfield code="a">Goeree, Wilhelmus, 1635-1711.</subfield>
      <subfield code="t">Mosaize historie der Hebreeuwse kerke.</subfield>
      <subfield code="d">Amsterdam : Willem en David Goeree,1700</subfield>
      <subfield code="w">(OCoLC)28789829</subfield>
    </datafield>
    <datafield tag="773" ind1="0" ind2="8">
      <subfield code="i">Also contained in (manifestation):</subfield>
      <subfield code="a">Aa, Pieter van der, 1682-1730.</subfield>
      <subfield code="t">Galerie agreable du monde ... tome premier d'Arabie, Terre Sainte, Natolie &amp; Assyrie. / Engraved by J. Luyken et al.</subfield>
      <subfield code="d">à Leide, par Pierre vander Aa, marchand libraire, 1728</subfield>
      <subfield code="w">(OCoLC)696604598</subfield>
    </datafield>
  </record>